| 000 | 00470nam a22001697a 4500 | ||
|---|---|---|---|
| 005 | 20240108113635.0 | ||
| 008 | 190405b xxu||||| |||| 00| 0 eng d | ||
| 020 | _a978-81-85790-06-0 | ||
| 041 | _aeng | ||
| 082 | _a615.19 | ||
| 100 |
_aKULKARNI, DR. M.V. ,THONTE,S.S .,RATHOD,S.S AND GHIWARE,N.B _98286 |
||
| 245 | _aBIOCHEMISTRY: USEFUL FOR THE STUDENT OF PHARMACY | ||
| 260 |
_aPUNE _bNIRALI PRAKASHAN _c2018 |
||
| 300 | _a338p, | ||
| 650 | _aPHARMACY | ||
| 942 | _cBK | ||
| 999 |
_c5813 _d5811 |
||